Evénements du 18 mai - Statistiques

Statistiques générales
  • Ce quiz a été pris 36 fois
  • Le résultat moyen est 8 sur 15
Statistiques - réponses
Hint Réponse % Correct
Anne d'Autriche est nommée régente de France 1643
92%
Mariage de François 1er et Claude de France 1514
88%
Mort de Caroline Bonaparte, soeur de Napoléon 1er 1839
80%
Mariage d'Henri II d'Angleterre avec Aliénor d'Aquitaine 1152
76%
Promulgation de la constitution de l'an XII 1804
76%
Le TGV établit un record de vitesse à 515.30 km/h 1990
64%
Naissance du futur tsar Nicolas II 1868
56%
Naissance de Charles Trenet 1913
48%
Naissance de Jean-Paul II 1920
44%
Naissance du cinéaste Frank Capra ET 1ère de L'apprenti sorcier de Paul Dukas 1897
40%
Eruption du Mont Saint Helens 1980
36%
La Légion Etrangère française saute sur Kolwézi 1978
32%
Naissance du couturier Pierre Balmain 1914
28%
Naissance de l'humoriste Popeck 1935
28%
Inauguration du complexe sportif Roland Garros 1928
20%
Aucun quiz correspondant
Distribution des résultats
% des personnes avec chaque résultat
Percentile par nombre de réponses
Votre historique - résultats
Vous n’avez pas pris ce quiz